000 00259nam a2200121Ia 4500
100 _aBhandarkar/B.G.
650 _aPhysics
942 _cBK
245 _aApplied Physics
260 _bVRINDA PRAKASHAN
_aJalgaon
_c1999
082 _a530/BHA
546 _aENGLISH
999 _c35066
_d35066